| 000 | 00902 a2200289 4500 | ||
|---|---|---|---|
| 001 | 200420662 | ||
| 999 |
_c200420662 _d36662 |
||
| 003 | TR-AnTOB | ||
| 005 | 20241008131833.0 | ||
| 008 | 141202s tu 000 0 | ||
| 020 | _a9786056094408 | ||
| 040 |
_aTR-AnTOB _btur _erda |
||
| 041 | 0 | _atur | |
| 050 | 0 | 0 |
_aNB1880.T9 _b.Y67 2009 |
| 090 | _aNB1880.T9 .Y67 2009 | ||
| 100 | 1 |
_aYorulmaz, Bülent _9102349 |
|
| 245 | 1 | 0 |
_aKuzey Kıbrıs Türk Cumhuriyeti'nde Osmanlı dönemine ait mezar taşları / _cBülent Yorulmaz. |
| 264 |
_aLefkoşa : _b, _c2009. _0Lefkoşa Üniversitesi, |
||
| 300 |
_a197 pages ; _billustrations ; _c21 cm. |
||
| 336 |
_atext _2rdacontent |
||
| 337 |
_aunmediated _2rdamedia |
||
| 338 |
_avolume _2rdacarrier |
||
| 504 | _aincludes bibliographical references. | ||
| 650 | 0 | 0 |
_aMezar taşları _zKıbrıs _9102350 |
| 650 | 0 | 0 |
_aSepulchral monuments _zCyprus _9102351 |
| 942 | _cBK | ||